[Event "Joao Pessoa Fischer Memorial 9th"]
[Site "Joao Pessoa"]
[Date "2018.03.17"]
[Round "4"]
[White "Da Silva, Joao Carlos Orguim"]
[Black "De Souza, Rondinelle Pessoa"]
[Result "1-0"]
[WhiteElo "1814"]
[BlackElo "2115"]
[PlyCount "97"]
[EventDate "2018.03.16"]
[EventType "swiss"]
[EventRounds "6"]
[EventCountry "BRA"]
[SourceTitle "CBM 183 Extra"]
[Source "ChessBase"]
[SourceDate "2018.04.19"]
[SourceVersion "1"]
[SourceVersionDate "2018.04.19"]
[SourceQuality "1"]

1. c4 e6 2. e4 d5 3. d3 dxe4 4. dxe4 Qxd1+ 5. Kxd1 Nf6 6. f3 Bc5 7. Ne2 0-0 8. Kc2 Nc6 9. a3 e5 10. Nbc3 a6 11. Bg5 Be6 12. Nd5 Ne8 13. Be3 Bxe3 14. Nxe3 Nd6 15. b3 f5 16. exf5 Nxf5 17. Nxf5 Bxf5+ 18. Kc3 Rad8 19. Ng3 Bg6 20. Be2 Rd4 21. Rad1 Rfd8 22. Rhe1 a5 23. Nf1 R4d6 24. Ne3 Nd4 25. Bf1 c6 26. c5 R6d7 27. Bc4+ Kh8 28. b4 axb4+ 29. axb4 h6 30. Kb2 h5 31. Be2 Bf7 32. Bc4 Bg6 33. Rd2 Re8 34. Red1 Rde7 35. Bd3 e4 36. Bb1 Nb5 37. f4 Kg8 38. Rd8 Rxd8 39. Rxd8+ Kh7 40. Ba2 Bf7 41. Bb1 g6 42. f5 Kg7 43. fxg6 Kxg6 44. Bc2 Kf6 45. Bd1 Re8 46. Rd7 Re7 47. Rd2 Ke5 48. Be2 Nd4 49. Rxd4 1-0

[Event "Joao Pessoa op 6th"]
[Site "Joao Pessoa"]
[Date "2015.10.12"]
[Round "4"]
[White "Hiramine, Rodrigo Yoshio Ferr"]
[Black "De Souza, Rondinelle Pessoa"]
[Result "1/2-1/2"]
[WhiteElo "2015"]
[BlackElo "2112"]
[PlyCount "47"]
[EventDate "2015.10.10"]
[EventType "swiss"]
[EventRounds "5"]
[EventCountry "BRA"]
[SourceTitle "CBM 168 Extra"]
[Source "ChessBase"]
[SourceDate "2015.10.29"]
[SourceVersion "1"]
[SourceVersionDate "2015.10.29"]
[SourceQuality "1"]

1. d4 d5 2. c4 Bf5 3. cxd5 Bxb1 4. Qa4+ c6 5. dxc6 Nxc6 6. Rxb1 e5 7. Nf3 Bb4+ 8. Bd2 Bxd2+ 9. Nxd2 Qxd4 10. Qxd4 Nxd4 11. e3 Nc6 12. Bb5 Nge7 13. Nc4 0-0-0 14. Ke2 Rd5 15. Rhc1 Rhd8 16. Bxc6 Nxc6 17. b4 Kb8 18. b5 Ne7 19. a4 Nc8 20. Rd1 Rxd1 21. Rxd1 Rxd1 22. Kxd1 f6 23. Kc2 Kc7 24. Kc3 1/2-1/2

[Event "Paraiban-ch op"]
[Site "Cabo Branco"]
[Date "2015.06.07"]
[Round "5"]
[White "Jales, Luiz Fabio Alves"]
[Black "De Souza, Rondinelle Pessoa"]
[Result "0-1"]
[WhiteElo "1841"]
[BlackElo "2088"]
[PlyCount "68"]
[EventDate "2015.06.04"]
[EventType "swiss"]
[EventRounds "5"]
[EventCountry "BRA"]
[SourceTitle "CBM 167 Extra"]
[Source "ChessBase"]
[SourceDate "2015.09.14"]
[SourceVersion "1"]
[SourceVersionDate "2015.09.14"]
[SourceQuality "1"]

1. f4 Nf6 2. Nf3 g6 3. Nc3 d5 4. e3 Bg7 5. d4 0-0 6. Bd3 b6 7. Qe2 Bb7 8. b3 Nbd7 9. Ba3 Re8 10. Na4 a6 11. 0-0 Ne4 12. Bxe4 dxe4 13. Nd2 c5 14. c3 Rc8 15. Rac1 e6 16. b4 Bf8 17. Nb3 c4 18. Nd2 Bd5 19. g4 f5 20. g5 Bd6 21. h4 Nf8 22. Kf2 Qc7 23. Rh1 Qc6 24. Nb2 Bxf4 25. Nbxc4 Bxc4 26. Nxc4 Bb8 27. Nb2 Qd6 28. Rh3 f4 29. Qg4 Re7 30. Rc2 Rf7 31. Nd1 Qc6 32. b5 Qxb5 33. Bxf8 fxe3+ 34. Kg2 Qf1# 0-1

[Event "Paraiban-ch op"]
[Site "Cabo Branco"]
[Date "2015.06.04"]
[Round "2"]
[White "De Souza, Rondinelle Pessoa"]
[Black "De Moura, George Nunes"]
[Result "1-0"]
[WhiteElo "2088"]
[BlackElo "1818"]
[PlyCount "109"]
[EventDate "2015.06.04"]
[EventType "swiss"]
[EventRounds "5"]
[EventCountry "BRA"]
[SourceTitle "CBM 167 Extra"]
[Source "ChessBase"]
[SourceDate "2015.09.14"]
[SourceVersion "1"]
[SourceVersionDate "2015.09.14"]
[SourceQuality "1"]

1. e4 c5 2. c3 e6 3. d4 d5 4. e5 Nc6 5. Nf3 cxd4 6. cxd4 Nge7 7. Nc3 a6 8. Bd3 Ng6 9. 0-0 Be7 10. Be3 0-0 11. Rc1 Bd7 12. a3 b5 13. b4 Na7 14. Qd2 Nc8 15. Qe2 Nb6 16. Nd2 f6 17. f4 f5 18. Nb3 Nc4 19. Nb1 Kh8 20. Kh1 Rg8 21. Rf3 Nh4 22. Rh3 g5 23. g3 g4 24. Rxh4 Bxh4 25. gxh4 Qxh4 26. N3d2 Rac8 27. Rg1 h5 28. Bf2 Qe7 29. Nb3 Rcf8 30. Qe1 Qh7 31. Nc5 Bc8 32. Bh4 Qh6 33. Qf2 Kh7 34. Bc2 Nb6 35. Nc3 Nd7 36. Bg5 Qg6 37. Qh4 Kg7 38. Ne2 Rf7 39. Ng3 Kf8 40. Qxh5 Rh7 41. Nxe6+ Kf7 42. Qxg6+ Rxg6 43. Bxf5 Rxe6 44. Bxh7 Rc6 45. f5 Kg7 46. Bg6 Nf8 47. Nh5+ Kh8 48. Bf6+ Kg8 49. Rxg4 Nxg6 50. Rxg6+ Kh7 51. Ng3 Rc1+ 52. Kg2 Rc2+ 53. Kf3 Rxh2 54. Rg7+ Kh6 55. Rg8 1-0

[Event "Paraibano-ch"]
[Site "Joao Pessoa"]
[Date "2014.11.30"]
[Round "5"]
[White "Rodrigues da Silva, Evandro"]
[Black "De Souza, Rondinelle Pessoa"]
[Result "1/2-1/2"]
[WhiteElo "2168"]
[BlackElo "2042"]
[PlyCount "44"]
[EventDate "2014.11.28"]
[EventType "swiss"]
[EventRounds "5"]
[EventCountry "BRA"]
[SourceTitle "EXT 2022"]
[Source "ChessBase"]
[SourceDate "2021.10.06"]
[SourceVersion "1"]
[SourceVersionDate "2021.10.06"]
[SourceQuality "1"]

1. d4 d5 2. c4 e6 3. Nf3 Nf6 4. Nc3 Nbd7 5. cxd5 exd5 6. Bg5 Be7 7. e3 0-0 8. Bd3 c6 9. 0-0 Re8 10. Rc1 h6 11. Bh4 Ne4 12. Bxe7 Qxe7 13. Qc2 Ndf6 14. Ne5 Ng4 15. Nxg4 Bxg4 16. Nxe4 dxe4 17. Be2 Bxe2 18. Qxe2 Rad8 19. Rc4 Qe6 20. b3 Rd5 21. Rfc1 Red8 22. h3 a6 1/2-1/2

[Event "Joao Pessoa op 08"]
[Site "Joao Pessoa"]
[Date "2013.08.03"]
[Round "4"]
[White "Costa, Rogerio de Souza"]
[Black "De Souza, Rondinelle Pessoa"]
[Result "0-1"]
[WhiteElo "1794"]
[BlackElo "2093"]
[PlyCount "31"]
[EventDate "2013.08.02"]
[EventType "swiss"]
[EventRounds "6"]
[EventCountry "BRA"]
[SourceTitle "CBM 155 Extra"]
[Source "ChessBase"]
[SourceDate "2013.08.26"]
[SourceVersion "1"]
[SourceVersionDate "2013.08.26"]
[SourceQuality "1"]

1. d4 d5 2. c4 Bf5 3. cxd5 Bxb1 4. Rxb1 Qxd5 5. a3 Nc6 6. Nf3 0-0-0 7. e3 e5 8. Qa4 exd4 9. Bc4 Qe4 10. Ba2 Nf6 11. 0-0 dxe3 12. Qxe4 exf2+ 13. Kxf2 Nxe4+ 14. Kg1 Bc5+ 15. Kh1 f6 16. h3 0-1

[Event "Joao Pessoa op"]
[Site "Joao Pessoa"]
[Date "2013.06.01"]
[Round "4"]
[White "De Souza, Rondinelle Pessoa"]
[Black "Da Silva, Antonio Dutra"]
[Result "1-0"]
[WhiteElo "1928"]
[BlackElo "1775"]
[PlyCount "63"]
[EventDate "2013.05.30"]
[EventType "swiss"]
[EventRounds "6"]
[EventCountry "BRA"]
[SourceTitle "CBM 154 Extra"]
[Source "ChessBase"]
[SourceDate "2013.06.25"]
[SourceVersion "2"]
[SourceVersionDate "2013.06.25"]
[SourceQuality "1"]

1. e4 c5 2. c3 Nf6 3. e5 Nd5 4. d4 cxd4 5. Qxd4 Nb6 6. Nf3 Nc6 7. Qe4 d5 8. Qf4 a6 9. Bd3 h6 10. 0-0 Qc7 11. h4 Bd7 12. e6 Qxf4 13. exd7+ Kxd7 14. Bxf4 f6 15. Re1 e5 16. Bf5+ Kd8 17. Be3 Kc7 18. Nbd2 Ne7 19. Bc2 Nc6 20. Bb3 Rd8 21. Rac1 Nc8 22. h5 b6 23. Nh4 N8e7 24. Ndf3 f5 25. Nxe5 Nxe5 26. Bf4 Kb7 27. Rxe5 g5 28. hxg6 Rg8 29. Rd1 Kc6 30. g3 Rd7 31. Kf1 Bg7 32. Rxe7 1-0